000 002990000a22001450004500
003 MACL
040 _aMACL
090 _c6921
_d6920
100 _aSarkar, Jagdish Narayan
245 _aIslam in Bengal
260 _bRatna Prakashan
_c1972
350 _a12
650 _aSociology
942 _cBOOK
_k300
999 _c6873
_d6873